[Event "LV Festival A"]
[Site "Imperia ITA"]
[Date "2013.09.06"]
[Round "8"]
[White "Salvador, Roland"]
[Black "Jirovsky, Milos"]
[WhiteElo "2461"]
[BlackElo "2478"]
[Result "1/2-1/2"]
[PlyCount "29"]
[EventDate "2013.09.01"]

1. d4 Nf6 2. c4 e6 3. Nc3 d5 4. cxd5 exd5 5. Bg5 c6 6. Qc2 Be7 7. e3 O-O 8. Bd3
Nbd7 9. Nge2 Re8 10. O-O Nf8 11. f3 Be6 12. Rad1 Rc8 13. e4 dxe4 14. fxe4 Ng4
15. Bc1 1/2-1/2

[Event "LV Festival A"]
[Site "Imperia ITA"]
[Date "2013.09.06"]
[Round "8"]
[White "Sanchez, Joseph"]
[Black "Jurek, Josef"]
[WhiteElo "2547"]
[BlackElo "2260"]
[Result "1/2-1/2"]
[PlyCount "131"]
[EventDate "2013.09.01"]

1. e4 e6 2. d4 d5 3. Nc3 Bb4 4. e5 c5 5. a3 Bxc3+ 6. bxc3 Qa5 7. Bd2 Qa4 8. h4
b6 9. Qg4 Kf8 10. Rh3 Ne7 11. h5 h6 12. Rf3 Nbc6 13. Qf4 Nd8 14. g4 Ba6 15.
Bxa6 Qxa6 16. dxc5 bxc5 17. a4 Rb8 18. Qe3 Qc6 19. Ne2 Qc7 20. Bc1 Rc8 21. Rg3
Ke8 22. c4 Rf8 23. cxd5 Nxd5 24. Qe4 Nc6 25. f4 f6 26. exf6 Rxf6 27. g5 hxg5
28. fxg5 Rf5 29. Qxe6+ Nde7 30. c3 Re5 31. Qg4 Nf5 32. Bf4 Nxg3 33. Bxg3 Rd8
34. Bxe5 Qxe5 35. Rd1 Rxd1+ 36. Kxd1 Qd5+ 37. Kc1 Ne5 38. Qg3 Qe4 39. Kd1 Nc4
40. Qb8+ Kd7 41. Qxa7+ Ke6 42. Qxc5 Qb1+ 43. Nc1 Nb2+ 44. Kd2 Qxc1+ 45. Kxc1
Nd3+ 46. Kc2 Nxc5 47. h6 gxh6 48. gxh6 Kf6 49. a5 Kg6 50. c4 Kxh6 51. Kc3 Kg7
52. Kb4 Ne6 53. Kb5 Kf7 54. Kc6 Ke7 55. a6 Kd8 56. a7 Nc7 57. Kb7 Na8 58. Kb8
Kd7 59. Kb7 Kd8 60. c5 Kd7 61. c6+ Kd8 62. Kb8 Nc7 63. Kb7 Na8 64. c7+ Nxc7 65.
a8=Q+ Nxa8 66. Kxa8 1/2-1/2

[Event "LV Festival A"]
[Site "Imperia ITA"]
[Date "2013.09.07"]
[Round "9"]
[White "Cavatorta, Fosco"]
[Black "Di Lascio, Savino"]
[WhiteElo "1919"]
[BlackElo "1900"]
[Result "0-1"]
[PlyCount "64"]
[EventDate "2013.09.01"]

1. d4 Nf6 2. Nf3 d6 3. Nc3 Nbd7 4. e4 e5 5. h3 h6 6. g4 Be7 7. Bg2 c6 8. O-O
Qc7 9. Ne2 Nxe4 10. Qd3 Ng5 11. Nxg5 hxg5 12. Ng3 Nf8 13. Nh5 Ne6 14. dxe5 dxe5
15. Re1 g6 16. Ng3 Bd7 17. c3 O-O-O 18. Qe3 Nf4 19. Qxe5 Qxe5 20. Rxe5 Bf6 21.
Re4 Nxh3+ 22. Kf1 Be6 23. Be3 a6 24. f3 b5 25. Bd4 Bc4+ 26. Ne2 Bxd4 27. Bxh3
Rxh3 28. Kg2 Rdh8 29. Nxd4 Rh2+ 30. Kg1 Rh1+ 31. Kf2 Rxa1 32. Nxc6 Rxa2 0-1

[Event "LV Festival A"]
[Site "Imperia ITA"]
[Date "2013.09.07"]
[Round "9"]
[White "De Barberis, Massimo"]
[Black "Faraci, Antonino"]
[WhiteElo "2102"]
[BlackElo "2020"]
[Result "1/2-1/2"]
[PlyCount "31"]
[EventDate "2013.09.01"]

1. e4 c5 2. Nf3 a6 3. c3 d5 4. exd5 Qxd5 5. d4 cxd4 6. cxd4 e6 7. Nc3 Qd8 8.
Bc4 Nf6 9. O-O Be7 10. a3 O-O 11. Qd3 b5 12. Ba2 Nc6 13. Bg5 b4 14. Ne4 Nxe4
15. Bxe7 Qxe7 16. Qxe4 1/2-1/2

[Event "LV Festival A"]
[Site "Imperia ITA"]
[Date "2013.09.07"]
[Round "9"]
[White "Dolezal, Radoslav jr"]
[Black "Pesce, Gabriele"]
[WhiteElo "2368"]
[BlackElo "2198"]
[Result "1/2-1/2"]
[PlyCount "25"]
[EventDate "2013.09.01"]

1. d4 Nf6 2. c4 g6 3. g3 Bg7 4. Bg2 d6 5. Nc3 O-O 6. e3 Nc6 7. Nge2 e5 8. O-O
Re8 9. d5 Nb8 10. e4 a5 11. h3 Na6 12. Bg5 Nc5 13. Qc2 1/2-1/2

[Event "LV Festival A"]
[Site "Imperia ITA"]
[Date "2013.09.07"]
[Round "9"]
[White "Jirovsky, Milos"]
[Black "Di Paolo, Raffaele"]
[WhiteElo "2478"]
[BlackElo "2263"]
[Result "1-0"]
[PlyCount "91"]
[EventDate "2013.09.01"]

1. Nf3 Nf6 2. c4 g6 3. g3 Bg7 4. Bg2 O-O 5. O-O d6 6. d4 Nc6 7. Nc3 a6 8. Qd3
Bf5 9. e4 Bg4 10. Be3 Nd7 11. Ne1 Nb6 12. Nc2 f5 13. f4 fxe4 14. Bxe4 Bh3 15.
Rfe1 e6 16. d5 exd5 17. cxd5 Ne7 18. Nd4 Nd7 19. Ne6 Bxe6 20. dxe6 Nc5 21. Bxc5
dxc5 22. Qc2 c6 23. Rad1 Bd4+ 24. Kh1 Qd6 25. Bg2 Nf5 26. e7 Rfe8 27. Qb3+ Kh8
28. Qxb7 Rab8 29. Qxa6 Rxe7 30. Rxe7 Qxe7 31. Na4 Qg7 32. Be4 Ne3 33. Re1 Ng4
34. Bf3 Qd7 35. Kg2 Nf2 36. g4 Nxg4 37. Qxc6 Ne3+ 38. Kh1 Qf7 39. Nxc5 Qxf4 40.
Ne6 Qh4 41. Rc1 Rg8 42. Nxd4 Qxd4 43. Qc3 Rd8 44. a4 Qxc3 45. Rxc3 Nf5 46. a5
1-0

[Event "LV Festival A"]
[Site "Imperia ITA"]
[Date "2013.09.07"]
[Round "9"]
[White "Mollero, Michele"]
[Black "Cugini, Verter"]
[WhiteElo "2240"]
[BlackElo "2041"]
[Result "1-0"]
[PlyCount "145"]
[EventDate "2013.09.01"]

1. d4 d6 2. g3 e5 3. Bg2 exd4 4. Qxd4 Nc6 5. Qf4 Nf6 6. Nc3 d5 7. Nb5 Bd6 8.
Nxd6+ cxd6 9. Nf3 O-O 10. O-O Re8 11. Nd4 Nxd4 12. Qxd4 Rxe2 13. Qd3 Re5 14.
Bf4 Bf5 15. Qd2 Re8 16. c3 Be4 17. f3 Bf5 18. Rfe1 Qa5 19. Qd4 Rxe1+ 20. Rxe1
Qxa2 21. g4 Be6 22. Qb4 Qa6 23. Bxd6 Qb6+ 24. Qxb6 axb6 25. Be5 Nd7 26. Bd4 Ra2
27. b4 g5 28. h4 h6 29. f4 gxf4 30. Rf1 Nf8 31. h5 Nh7 32. Rxf4 Ng5 33. Bxb6
Rd2 34. Bd4 Rd3 35. Kh2 Rd2 36. Kg3 Rd3+ 37. Kh2 Rd2 38. Kg3 Rd3+ 39. Kh4 Rd2
40. Rf2 Rxf2 41. Bxf2 f6 42. Bd4 Kf7 43. Kg3 Ne4+ 44. Kf4 Nd6 45. Bf1 Bd7 46.
Bd3 Bb5 47. Bg6+ Ke6 48. Bc5 Be2 49. Bc2 Nb5 50. Bf5+ Kf7 51. Bc8 Nxc3 52. Bxb7
Bc4 53. Bc8 Nb5 54. Bf5 Nc7 55. Bg6+ Kg7 56. Ke3 Nb5 57. Bd4 Nc7 58. Bd3 Bxd3
59. Kxd3 Nb5 60. Be3 f5 61. gxf5 Kf6 62. Bxh6 Kxf5 63. Be3 Ke5 64. h6 Kf6 65.
Kc2 Kg6 66. Kb3 Kh7 67. Ka4 d4 68. Bf4 Nc3+ 69. Kb3 Nd5 70. Bd2 Nb6 71. b5 Kg6
72. Kb4 Kh7 73. Kc5 1-0

[Event "LV Festival A"]
[Site "Imperia ITA"]
[Date "2013.09.07"]
[Round "9"]
[White "Stoppa, Omar"]
[Black "Poloch, Petr"]
[WhiteElo "2283"]
[BlackElo "2267"]
[Result "1-0"]
[PlyCount "39"]
[EventDate "2013.09.01"]

1. e4 c5 2. d4 cxd4 3. c3 Nf6 4. e5 Nd5 5. Nf3 Nc6 6. Bc4 Nb6 7. Bb3 d6 8. exd6
Qxd6 9. O-O Be6 10. Na3 Bxb3 11. axb3 e6 12. Nb5 Qd7 13. Bf4 Rc8 14. Nxa7 Nxa7
15. Rxa7 Nd5 16. Ne5 Qc7 17. Qxd4 Qc5 18. Qa4+ b5 19. Qa6 Rb8 20. Nd7 1-0

[Event "LV Festival A"]
[Site "Imperia ITA"]
[Date "2013.09.07"]
[Round "9"]
[White "Yao, Stefano"]
[Black "Melone, Antonio"]
[WhiteElo "1976"]
[BlackElo "2125"]
[Result "1/2-1/2"]
[PlyCount "48"]
[EventDate "2013.09.01"]

1. Nf3 Nf6 2. c4 g6 3. g3 Bg7 4. Bg2 O-O 5. O-O d6 6. d4 Nbd7 7. Nc3 e5 8. e4
Re8 9. h3 c6 10. b3 Qc7 11. Bb2 exd4 12. Nxd4 a5 13. Re1 Nh5 14. Qd2 Ne5 15.
Kh2 a4 16. Rad1 axb3 17. axb3 Qb6 18. f4 Nd7 19. Na4 Qc7 20. Nf3 Bxb2 21. Qxb2
Nc5 22. Nxc5 dxc5 23. e5 Be6 24. Ng5 b5 1/2-1/2

[Event "XXIV Weekend B"]
[Site "Robecchetto con Induno ITA"]
[Date "2013.12.27"]
[Round "1"]
[White "Cavagna, Marco"]
[Black "Sacchi, Luca"]
[WhiteElo "1527"]
[BlackElo "1332"]
[Result "1-0"]
[PlyCount "103"]
[EventDate "2013.12.27"]

1. d4 b6 2. e4 Bb7 3. Nc3 e6 4. Nf3 g6 5. Bf4 Bg7 6. Bd3 d6 7. O-O Nd7 8. Re1
a6 9. a4 Ngf6 10. h3 O-O 11. e5 dxe5 12. dxe5 Nd5 13. Nxd5 Bxd5 14. c4 Bb7 15.
b4 c5 16. b5 axb5 17. cxb5 Qc7 18. Rc1 Rfd8 19. Nd4 Nxe5 20. Bxe5 Bxe5 21. Nc6
Bxc6 22. bxc6 Rd6 23. Rxe5 Qxc6 24. Qc2 Rxa4 25. Rb1 Rad4 26. Be4 Qa4 27. Qe2
c4 28. Bc2 Qc6 29. Reb5 c3 30. Rd1 Rxd1+ 31. Bxd1 Rd2 32. Qf1 c2 33. Bxc2 Rxc2
34. Rb1 Rc5 35. Qd1 b5 36. Qd8+ Kg7 37. Qd4+ f6 38. Qe3 Qb6 39. Qb3 Rd5 40. Qb4
Kf7 41. Rc1 Rd4 42. Qb3 b4 43. Kf1 Qb5+ 44. Kg1 Ke7 45. Rc7+ Rd7 46. Rc4 Rd1+
47. Kh2 Qb8+ 48. g3 Rd6 49. Rxb4 Qc8 50. Rb7+ Rd7 51. Qb4+ Ke8 52. Rb8 1-0

[Event "XXIV Weekend B"]
[Site "Robecchetto con Induno ITA"]
[Date "2013.12.27"]
[Round "1"]
[White "Corbelli, Daniele"]
[Black "Rutigliano, Cesare"]
[WhiteElo "1467"]
[BlackElo "1670"]
[Result "0-1"]
[PlyCount "152"]
[EventDate "2013.12.27"]

1. e4 e6 2. d4 d5 3. Nc3 Bb4 4. e5 Ne7 5. Qg4 Ng6 6. a3 Bxc3+ 7. bxc3 Bd7 8. a4
c5 9. Bd3 c4 10. Bxg6 hxg6 11. Nf3 Qa5 12. Bd2 b5 13. O-O bxa4 14. Ng5 Qd8 15.
Bc1 Nc6 16. Ba3 Ne7 17. Qf4 Nf5 18. g4 Rh4 19. Nf3 Nh6 20. Nxh4 Qxh4 21. f3 Bb5
22. Qg3 Qd8 23. f4 Kd7 24. Bd6 Kc6 25. Rfb1 a6 26. h4 Qd7 27. h5 gxh5 28. gxh5
Nf5 29. Qg5 Rg8 30. Kf2 Qe8 31. Rh1 Rh8 32. Rh3 Rh6 33. Qg4 Rh8 34. Rg1 a5 35.
Qd1 g6 36. Rgh1 gxh5 37. Rxh5 Rg8 38. Rg5 Nxd6 39. exd6 Rf8 40. Qc1 Kxd6 41.
Qa3+ Kc7 42. Qc5+ Kb7 43. Rb1 Ka6 44. Qd6+ Bc6 45. Rgg1 Rh8 46. Rb2 Rh2+ 47.
Rg2 Rxg2+ 48. Kxg2 Qd7 49. Qxd7 Bxd7 50. Kf2 Bb5 51. Ke2 Kb6 52. Kd2 Kc6 53.
Rb1 Kd6 54. Rf1 Ke7 55. f5 a3 56. Kc1 exf5 57. Rxf5 Ke6 58. Rh5 f6 59. Kb1 Be8
60. Rh8 Ke7 61. Rh7+ Bf7 62. Ka2 f5 63. Kxa3 Ke6 64. Rh6+ Kd7 65. Rh4 Ke6 66.
Ka4 Kf6 67. Rh1 f4 68. Kxa5 Kf5 69. Ka4 f3 70. Rh2 Kf4 71. Ka3 Kg3 72. Rd2 f2
73. Rxf2 Kxf2 74. Kb2 Ke2 75. Kc1 Bg6 76. Kb2 Kd2 0-1

[Event "XXIV Weekend B"]
[Site "Robecchetto con Induno ITA"]
[Date "2013.12.27"]
[Round "1"]
[White "Folcini, Gaddo"]
[Black "Frignani, Alessandro"]
[WhiteElo "1579"]
[BlackElo "1369"]
[Result "1-0"]
[PlyCount "87"]
[EventDate "2013.12.27"]

1. e4 e5 2. d4 exd4 3. Bc4 Bc5 4. Bxf7+ Kf8 5. Bxg8 Rxg8 6. Nf3 Qf6 7. Bg5 Qb6
8. O-O Nc6 9. Nbd2 h6 10. Bf4 Bd6 11. Nc4 Qc5 12. Nxd6 cxd6 13. c3 Ne5 14. Nxd4
a5 15. Nf5 Ra6 16. Be3 Qb5 17. Nxd6 Qc6 18. Nxc8 Qxc8 19. Qd5 Nf7 20. Rad1 d6
21. Bf4 Qc6 22. Qe6 g5 23. Rxd6 Qb5 24. Rxa6 Qxa6 25. Qxa6 bxa6 26. Bc7 a4 27.
Rd1 Kg7 28. Rd7 Kf6 29. f4 Ke6 30. Rd4 Rc8 31. f5+ Ke7 32. Ba5 Rb8 33. Bb4+ Kf6
34. Ba3 Rb6 35. Rxa4 Ke5 36. Kf2 g4 37. Ke3 Ng5 38. Ra5+ Kf6 39. Rd5 Nf7 40.
e5+ Kg7 41. Rd7 Kg8 42. e6 Nh8 43. e7 Kf7 44. Rd8 1-0

[Event "XXIV Weekend B"]
[Site "Robecchetto con Induno ITA"]
[Date "2013.12.27"]
[Round "1"]
[White "Franchetti Pardo, Niccolo'"]
[Black "Minore, Antonino"]
[WhiteElo "1496"]
[BlackElo "1275"]
[Result "1/2-1/2"]
[PlyCount "59"]
[EventDate "2013.12.27"]

1. d4 f5 2. Nd2 Nf6 3. Ngf3 d5 4. e3 g6 5. Bd3 c6 6. O-O Bg7 7. c4 O-O 8. Ne5
Nbd7 9. Ndf3 Nxe5 10. Nxe5 Nd7 11. Nxd7 Bxd7 12. cxd5 cxd5 13. Qb3 Bc6 14. Bd2
e6 15. f4 a5 16. Bb5 Bf6 17. Bxc6 bxc6 18. Rac1 Ra6 19. Qd3 Qa8 20. Rc3 Be7 21.
a3 Rb8 22. Rc2 a4 23. Qe2 Rb3 24. e4 dxe4 25. Be3 Rd3 26. Rfc1 Qb7 27. Rc3 Rxc3
28. Rxc3 Ra5 29. Qc4 Kf7 30. b4 1/2-1/2

[Event "XXIV Weekend B"]
[Site "Robecchetto con Induno ITA"]
[Date "2013.12.27"]
[Round "1"]
[White "Gonella, Graziano"]
[Black "Puricelli, Roberto"]
[WhiteElo "1155"]
[BlackElo "1496"]
[Result "0-1"]
[PlyCount "65"]
[EventDate "2013.12.27"]

1. e4 c6 2. d4 d5 3. exd5 cxd5 4. Nc3 Nf6 5. Nf3 Bg4 6. Be2 Nc6 7. Be3 e6 8.
O-O Be7 9. h3 Bh5 10. g4 Bg6 11. a3 O-O 12. Nh4 a6 13. Nxg6 fxg6 14. Bf3 Rc8
15. Qe2 e5 16. Bg2 exd4 17. Bxd4 Nxd4 18. Qd3 Nc6 19. Rad1 d4 20. g5 dxc3 21.
gxf6 Qxd3 22. fxe7 Qxf1+ 23. Bxf1 Nxe7 24. bxc3 Rxc3 25. Rd7 Nf5 26. Rxb7 Rxa3
27. Bc4+ Kh8 28. Bd3 a5 29. Rb3 Rxb3 30. cxb3 Nd4 31. Bc4 Rb8 32. Kg2 Nxb3 33.
Kf3 0-1

[Event "XXIV Weekend B"]
[Site "Robecchetto con Induno ITA"]
[Date "2013.12.27"]
[Round "1"]
[White "Longo, Giovanni"]
[Black "Gerosa, Ottavio"]
[WhiteElo "1662"]
[BlackElo "1467"]
[Result "1-0"]
[PlyCount "87"]
[EventDate "2013.12.27"]

1. e4 d5 2. exd5 Qxd5 3. Nc3 Qa5 4. Bc4 c6 5. Nf3 Bg4 6. O-O e6 7. b3 Nf6 8.
Bb2 Bd6 9. Re1 Qc7 10. h3 Bf5 11. d4 b5 12. Bd3 Bxd3 13. Qxd3 b4 14. Ne4 Be7
15. a3 Nd5 16. c4 bxc3 17. Nxc3 Nd7 18. b4 O-O 19. Rac1 Qf4 20. Ne2 Qf6 21.
Rxc6 N7b6 22. Ne5 Rfd8 23. Ng4 Qg6 24. Qxg6 hxg6 25. Ne5 Rac8 26. Rec1 Rxc6 27.
Nxc6 Rd7 28. Nb8 Rb7 29. Na6 Na4 30. Ba1 Bg5 31. Rc8+ Kh7 32. Nc5 Nxc5 33. dxc5
a5 34. c6 Ra7 35. Bd4 Rc7 36. Rxc7 Nxc7 37. Be5 Bd8 38. Bxc7 Bxc7 39. b5 f5 40.
a4 g5 41. Nd4 Kg6 42. Nxe6 Bb8 43. c7 Bxc7 44. Nxc7 1-0

[Event "XXIV Weekend B"]
[Site "Robecchetto con Induno ITA"]
[Date "2013.12.27"]
[Round "1"]
[White "Milazzo, Gianluca"]
[Black "Macchiettini, Pierangelo"]
[WhiteElo "1485"]
[BlackElo "1697"]
[Result "0-1"]
[PlyCount "120"]
[EventDate "2013.12.27"]

1. c4 e5 2. Nc3 Nf6 3. g3 d6 4. Bg2 Be7 5. e3 c6 6. Nge2 Nbd7 7. d4 exd4 8.
exd4 O-O 9. O-O Re8 10. Re1 Nf8 11. b3 Bg4 12. Qd2 Qd7 13. Bb2 Bh3 14. Bh1 Ng6
15. Nf4 Qf5 16. Nxh3 Qxh3 17. Bg2 Qf5 18. f3 h6 19. Ne4 d5 20. Nf2 Rad8 21. Re2
Bf8 22. Rae1 Rxe2 23. Rxe2 dxc4 24. Ne4 cxb3 25. axb3 Nd5 26. Qa5 Ra8 27. Kf2
Bb4 28. Qa1 Qd7 29. Nc5 Qc7 30. Nd3 Bd6 31. Ne5 Nge7 32. Bh3 a6 33. f4 Rd8 34.
Qe1 Bb4 35. Qc1 a5 36. Nd3 Qd6 37. Nc5 Bxc5 38. dxc5 Qg6 39. Qd1 Nf5 40. Qd3
Nfe7 41. f5 Qg5 42. Re5 Ra8 43. Bg2 Qh5 44. h3 f6 45. Re1 Qxf5+ 46. Qxf5 Nxf5
47. g4 Nfe7 48. Bxd5+ Nxd5 49. Kf3 Kf7 50. h4 Nb4 51. Rd1 Nd5 52. Bc1 a4 53.
bxa4 Rxa4 54. Rd3 Ra5 55. Ba3 Rb5 56. Ke4 Ke6 57. Rd2 Rb3 58. Bb2 Rg3 59. Re2
Rxg4+ 60. Kf3+ Kf5 0-1

[Event "XXIV Weekend B"]
[Site "Robecchetto con Induno ITA"]
[Date "2013.12.27"]
[Round "1"]
[White "Monzeglio, Graziella"]
[Black "Vignati, Andrea"]
[WhiteElo "1295"]
[BlackElo "1501"]
[Result "0-1"]
[PlyCount "38"]
[EventDate "2013.12.27"]

1. d4 d5 2. Nf3 Nf6 3. e3 e6 4. Bd3 b6 5. c3 Nbd7 6. O-O Bb7 7. Re1 Rc8 8. Nbd2
Bd6 9. e4 dxe4 10. Nxe4 O-O 11. Nxf6+ Nxf6 12. Ng5 h6 13. Ne4 Nxe4 14. Bxe4
Bxe4 15. Rxe4 c5 16. h3 Qe7 17. Qg4 f5 18. Qg6 fxe4 19. Bxh6 Rf6 0-1

[Event "XXIV Weekend B"]
[Site "Robecchetto con Induno ITA"]
[Date "2013.12.27"]
[Round "1"]
[White "Pivari, Flavio"]
[Black "Orlandi, Paolo"]
[WhiteElo "1464"]
[BlackElo "1659"]
[Result "1/2-1/2"]
[PlyCount "60"]
[EventDate "2013.12.27"]

1. e4 d6 2. d4 Nf6 3. Nc3 g6 4. Be2 Bg7 5. h4 c5 6. d5 h5 7. Nh3 Qa5 8. Ng5 a6
9. Qd3 Nfd7 10. Nf3 Ne5 11. Nxe5 Bxe5 12. Bd2 Qc7 13. f4 Bd4 14. Be3 Bg7 15.
Qd2 b5 16. O-O-O b4 17. Nb1 Nd7 18. Rhf1 c4 19. Bd4 Nf6 20. e5 dxe5 21. Bxe5
Qa5 22. Bxc4 Bg4 23. d6 Rd8 24. Be2 Bxe2 25. Qxe2 Qxa2 26. dxe7 Rc8 27. Qd3 Qc4
28. Bxf6 Qxd3 29. Rxd3 Bxf6 30. Rfd1 Bxe7 1/2-1/2

[Event "XXIV Weekend B"]
[Site "Robecchetto con Induno ITA"]
[Date "2013.12.27"]
[Round "1"]
[White "Repossi, Luca"]
[Black "Koureas, Panicos"]
[WhiteElo "1595"]
[BlackElo "1418"]
[Result "0-1"]
[PlyCount "76"]
[EventDate "2013.12.27"]

1. e4 e5 2. Bc4 Nc6 3. Nf3 Nf6 4. d3 Bc5 5. O-O O-O 6. Nc3 d6 7. Na4 Bg4 8.
Nxc5 dxc5 9. c3 Na5 10. Bb5 a6 11. Ba4 b5 12. Bc2 Qd6 13. h3 Bh5 14. a3 Nb7 15.
Be3 Rad8 16. Qe2 h6 17. Kh1 Nh7 18. Rg1 f5 19. exf5 Qf6 20. g4 Be8 21. Nh4 Qxh4
22. Kh2 Ng5 23. Bxg5 Qxg5 24. Qxe5 Qf6 25. Qxc7 Qd6+ 26. Qxd6 Nxd6 27. Rae1 Nf7
28. Re6 Ng5 29. Re3 Bc6 30. Rd1 Rde8 31. Rxe8 Rxe8 32. Kg3 Bd5 33. h4 Nh7 34.
c4 Bc6 35. d4 cxd4 36. Rxd4 Re2 37. Bb3 Rxb2 38. cxb5+ Rxb3+ 0-1

[Event "XXIV Weekend B"]
[Site "Robecchetto con Induno ITA"]
[Date "2013.12.27"]
[Round "1"]
[White "Rossi, Enrico"]
[Black "Ciochetta, Giovanni"]
[WhiteElo "1373"]
[BlackElo "1584"]
[Result "1/2-1/2"]
[PlyCount "82"]
[EventDate "2013.12.27"]

1. d4 Nf6 2. c4 e6 3. Nc3 Bb4 4. Qb3 Nc6 5. e3 O-O 6. Bd3 d5 7. c5 a5 8. a4 e5
9. Nge2 Be6 10. O-O e4 11. Bb5 Ne7 12. Ng3 c6 13. Be2 b6 14. cxb6 Qxb6 15. Na2
c5 16. Nxb4 axb4 17. dxc5 Qxc5 18. Bd2 Rfb8 19. Rfc1 Qb6 20. Bb5 Bd7 21. Qxb4
Bxb5 22. axb5 Rxa1 23. Rxa1 Ng6 24. Ra5 h6 25. Bc3 Ng4 26. Bd4 Qb7 27. b6 N4e5
28. Qb5 Nc6 29. Ra4 Nxd4 30. Rxd4 Ne7 31. Qb4 Nc6 32. Qc5 Nxd4 33. Qxd4 Rc8 34.
h3 g6 35. Ne2 Rc6 36. Nc3 Rxb6 37. Nxd5 Rc6 38. Nf6+ Kf8 39. Qd8+ Kg7 40. Ne8+
Kh7 41. Nf6+ Kg7 1/2-1/2

[Event "XXIV Weekend B"]
[Site "Robecchetto con Induno ITA"]
[Date "2013.12.27"]
[Round "1"]
[White "Santarelli, Sabatino"]
[Black "Assanelli, Andrea"]
[WhiteElo "1641"]
[BlackElo "1440"]
[Result "1-0"]
[PlyCount "57"]
[EventDate "2013.12.27"]

1. e4 d6 2. c3 Nf6 3. d3 g6 4. Be2 Bg7 5. Be3 c5 6. Nd2 O-O 7. h3 Nbd7 8. f4 b6
9. Ngf3 Qc7 10. O-O Bb7 11. Nh4 e6 12. Rc1 Rad8 13. Qe1 Qb8 14. Qg3 Ba8 15. f5
exf5 16. exf5 Nd5 17. Bg5 Rde8 18. Ne4 N7f6 19. Bf3 Nxe4 20. Bxe4 Nf6 21. Bxa8
Qxa8 22. fxg6 Nh5 23. gxh7+ Kxh7 24. Qg4 Qc8 25. Qxh5+ Kg8 26. Bf6 Bxf6 27.
Rxf6 Re5 28. Nf5 a5 29. Qg5+ 1-0

[Event "XXIV Weekend B"]
[Site "Robecchetto con Induno ITA"]
[Date "2013.12.27"]
[Round "1"]
[White "Volpe, Antonio"]
[Black "Palermiti, Francesco"]
[WhiteElo "1683"]
[BlackElo "1467"]
[Result "1-0"]
[PlyCount "79"]
[EventDate "2013.12.27"]

1. e4 c5 2. f4 d6 3. Nf3 Nc6 4. Bc4 Bg4 5. Bxf7+ Kxf7 6. Ng5+ Ke8 7. Qxg4 Nf6
8. Qe6 Qd7 9. Qf7+ Kd8 10. Ne6+ Kc8 11. Nxf8 Rxf8 12. Qxf8+ Ne8 13. Nc3 a6 14.
Qxg7 Kc7 15. Qh6 Nf6 16. O-O Rg8 17. Kh1 Nd4 18. Qh3 Qe8 19. d3 h5 20. e5 dxe5
21. fxe5 Ng4 22. Bf4 e6 23. Ne4 b6 24. Nf6 Nxf6 25. exf6+ Kd7 26. c3 Nf5 27.
Qf3 Qc8 28. Qxh5 Rf8 29. Qh7+ Kc6 30. g4 Nd6 31. Bxd6 Kxd6 32. Rfe1 e5 33. Qe7+
Kc6 34. Qxe5 Kb7 35. c4 Kc6 36. Qd5+ Kc7 37. Re7+ Kb8 38. Qd6+ Ka8 39. Rc7 Qb8
40. Qc6+ 1-0

[Event "XXIV Weekend B"]
[Site "Robecchetto con Induno ITA"]
[Date "2013.12.28"]
[Round "2"]
[White "Ciochetta, Giovanni"]
[Black "Franchetti Pardo, Niccolo'"]
[WhiteElo "1584"]
[BlackElo "1496"]
[Result "0-1"]
[PlyCount "72"]
[EventDate "2013.12.27"]

1. e4 e6 2. d4 d5 3. exd5 exd5 4. Nc3 Nf6 5. Nf3 Bb4 6. Bd2 Bf5 7. a3 Bxc3 8.
Bxc3 Nc6 9. Bb5 a6 10. Bxc6+ bxc6 11. O-O O-O 12. Bb4 Re8 13. c3 a5 14. Bc5 Nd7
15. Qa4 Nxc5 16. dxc5 Bd3 17. Rfe1 Bb5 18. Qf4 f6 19. Nd4 Qd7 20. a4 Bxa4 21.
Rxe8+ Rxe8 22. g3 Re4 23. Qd2 Bb5 24. Rxa5 Qe8 25. Nxb5 Re1+ 26. Kg2 Qe4+ 27.
Kh3 cxb5 28. Rxb5 Qe6+ 29. g4 h5 30. Rb4 hxg4+ 31. Rxg4 f5 32. Rh4 f4+ 33. Rg4
g5 34. b4 Rg1 35. Qxd5 Qxd5 36. Rxg1 Qf3+ 0-1

[Event "XXIV Weekend B"]
[Site "Robecchetto con Induno ITA"]
[Date "2013.12.28"]
[Round "2"]
[White "Frignani, Alessandro"]
[Black "Milazzo, Gianluca"]
[WhiteElo "1369"]
[BlackElo "1485"]
[Result "0-1"]
[PlyCount "110"]
[EventDate "2013.12.27"]

1. e4 d6 2. d4 Nf6 3. Qe2 Nc6 4. c3 Bg4 5. f3 Bd7 6. Nd2 e5 7. d5 Nb8 8. Nb3
Be7 9. Be3 O-O 10. g4 h5 11. h3 g6 12. Qg2 Kh7 13. Ne2 Rg8 14. Qh2 Ne8 15. gxh5
Bh4+ 16. Bf2 gxh5 17. f4 Bxf2+ 18. Qxf2 Qf6 19. fxe5 dxe5 20. Qxf6 Nxf6 21. Nd2
a5 22. Kf2 Na6 23. Bg2 Nc5 24. Nc1 a4 25. b4 axb3 26. Ncxb3 Nd3+ 27. Kf3 Rg7
28. Ke3 Nf4 29. Bf3 b6 30. Nc4 Rag8 31. Nxe5 Ng2+ 32. Bxg2 Rxg2 33. Nxf7 R8g3+
34. Kd4 Kg7 35. Ne5 Bxh3 36. a4 Ng4 37. Nxg4 Bxg4 38. Rhe1 Re2 39. Rxe2 Bxe2
40. a5 bxa5 41. Nc5 Kf6 42. Rxa5 h4 43. Ra6+ Bxa6 44. Nxa6 h3 45. Nxc7 h2 46.
d6 Rg8 47. e5+ Kf5 48. e6 h1=Q 49. c4 Qc6 50. e7 Qxd6+ 51. Nd5 Rg4+ 52. Kd3
Qa3+ 53. Ke2 Rg2+ 54. Kf1 Qf3+ 55. Ke1 Qe2# 0-1

[Event "XXIV Weekend B"]
[Site "Robecchetto con Induno ITA"]
[Date "2013.12.28"]
[Round "2"]
[White "Gerosa, Ottavio"]
[Black "Gonella, Graziano"]
[WhiteElo "1467"]
[BlackElo "1155"]
[Result "1-0"]
[PlyCount "69"]
[EventDate "2013.12.27"]

1. e4 e5 2. Nf3 Nc6 3. Bb5 Nd4 4. Bc4 Nf6 5. Nxe5 d5 6. exd5 Nxd5 7. c3 b5 8.
Bb3 Ne6 9. Qf3 f6 10. Bxd5 Ng5 11. Bc6+ Ke7 12. Qe3 fxe5 13. Qxg5+ Kd6 14.
Qxd8+ Kxc6 15. Qe8+ Bd7 16. Qxa8+ Kb6 17. d3 Bc6 18. Be3+ Bc5 19. Qxh8 Bxe3 20.
fxe3 Bxg2 21. Rg1 Bc6 22. Rxg7 e4 23. d4 Bd5 24. Qxh7 a5 25. Rxc7 a4 26. Rb7+
Bxb7 27. Nd2 Ka6 28. b4 Ka7 29. O-O-O Ka6 30. Nxe4 Bd5 31. Nc5+ Kb6 32. Qh6+
Bc6 33. Rg1 Kc7 34. Rg7+ Kb6 35. Rb7# 1-0

[Event "XXIV Weekend B"]
[Site "Robecchetto con Induno ITA"]
[Date "2013.12.28"]
[Round "2"]
[White "Koureas, Panicos"]
[Black "Folcini, Gaddo"]
[WhiteElo "1418"]
[BlackElo "1579"]
[Result "0-1"]
[PlyCount "46"]
[EventDate "2013.12.27"]

1. e4 e5 2. Nf3 d5 3. exd5 e4 4. Qe2 Nf6 5. Nc3 Bf5 6. Nd4 Bg6 7. Qb5+ Nbd7 8.
Qxb7 Bc5 9. Nc6 Qc8 10. Qb3 O-O 11. Be2 Re8 12. O-O Ne5 13. Nxe5 Rxe5 14. Bc4
Rg5 15. d4 Rxg2+ 16. Kxg2 Qg4+ 17. Kh1 Qf3+ 18. Kg1 Bd6 19. Ne2 Bxh2+ 20. Kxh2
e3 21. Bd3 Ne4 22. Kg1 exf2+ 23. Rxf2 Qxf2+ 0-1

[Event "XXIV Weekend B"]
[Site "Robecchetto con Induno ITA"]
[Date "2013.12.28"]
[Round "2"]
[White "Loaldi, Davide"]
[Black "Volpe, Antonio"]
[WhiteElo "1551"]
[BlackElo "1683"]
[Result "0-1"]
[PlyCount "104"]
[EventDate "2013.12.27"]

1. b3 e6 2. Bb2 d6 3. Nf3 Nd7 4. d4 f5 5. Nbd2 g5 6. d5 e5 7. e4 g4 8. Ng1 Nb6
9. Bb5+ Bd7 10. Bxd7+ Qxd7 11. f4 Bg7 12. Ne2 h5 13. Ng3 Ne7 14. c4 h4 15. Ne2
Ng6 16. Rf1 O-O 17. Qc2 a5 18. a4 c6 19. c5 dxc5 20. Qxc5 Ra6 21. d6 exf4 22.
Bxg7 Qxg7 23. Rd1 fxe4 24. Nxe4 Nd7 25. Qg5 f3 26. gxf3 gxf3 27. Nd4 Re8 28.
Rxf3 Rxe4+ 29. Kf1 Rxd4 30. Rxd4 Ra8 31. Rg4 Nde5 32. Qxe5 Nxe5 33. Rxg7+ Kxg7
34. Re3 Kf6 35. Re4 Ng6 36. d7 Rd8 37. Rd4 Ke6 38. Rg4 Ne5 39. Rxh4 Rxd7 40.
Rh6+ Kf5 41. Rh5+ Kf4 42. Rh4+ Ke3 43. Rh5 Rd1+ 44. Kg2 Rd2+ 45. Kg3 Kd4 46. h4
Rd3+ 47. Kf4 Rf3+ 48. Kg5 Rxb3 49. Kf6 Rf3+ 50. Ke6 Re3 51. Kd6 b5 52. axb5
cxb5 0-1